000 00358nam a2200133Ia 4500
008 190216s9999||||xx |||||||||||||| ||und||
100 _aDave Williams
245 0 _a"Programmers Technical Reference, Ms Dos, Ibm Pc And Compatibles"
250 _a1st Ed.
260 _bGalgotia Publication Pvt Ltf
_c1993
300 _a384
650 _aComputer
942 _cBK
999 _c8401
_d8401